Proteins of Hevea latex: Ion exchange chromatography and starch gel electrophoresis (Record no. 66065)

MARC details
000 -LEADER
fixed length control field 00473nam a2200145Ia 4500
100 ## - MAIN ENTRY--AUTHOR NAME
Personal name Karunakaran A
245 #0 - TITLE STATEMENT
Title Proteins of Hevea latex: Ion exchange chromatography and starch gel electrophoresis
260 ## - PUBLICATION, DISTRIBUTION, ETC. (IMPRINT)
Name of publisher Proceedings of the Natural Rubber Research Conference, Kuala Lumpur, 1960; p798-807
650 ## - SUBJECT ADDED ENTRY--TOPICAL TERM
Topical Term Gel electrophoresis
650 ## - SUBJECT ADDED ENTRY--TOPICAL TERM
Topical Term Hevea latex
700 ## - ADDED ENTRY--PERSONAL NAME
Personal name Moir G F J
700 ## - ADDED ENTRY--PERSONAL NAME
Personal name Tata S J
942 ## - ADDED ENTRY ELEMENTS (KOHA)
Koha item type Journals
Holdings
Withdrawn status Lost status Damaged status Not for loan Home library Current library Shelving location Date acquired Koha item type
      Journals RRII Library RRII Library Rubber chemistry 17/12/2021 Journals